[Event "Kval. 1.b liga"]
[Site "Opatija"]
[Date "2012.11.25"]
[Round "2.2"]
[White "Crepan, Marjan"]
[Black "Licina, Zoran"]
[Result "1-0"]
[WhiteElo "2310"]
[BlackElo "2219"]
[PlyCount "71"]
[EventDate "2012.11.24"]
[EventType "swiss"]
[EventRounds "3"]
[EventCountry "CRO"]
[SourceDate "2005.09.12"]

1. e4 e6 2. d4 d5 3. e5 c5 4. c3 Nc6 5. Nf3 Bd7 6. Bd3 Rc8 7. a3 cxd4 8. cxd4
Qb6 9. Nc3 Nxd4 10. Nxd4 Qxd4 11. O-O a6 12. Kh1 Qxe5 13. Re1 Qd6 14. Qf3 Rxc3
15. bxc3 Ne7 16. Bf4 Qc5 17. Rec1 Nc6 18. c4 d4 19. Rab1 Nd8 20. Be4 Qxa3 21.
Rb3 Qa4 22. Bxb7 Bc5 23. Be4 f5 24. Rb8 O-O 25. Bxf5 Bc6 26. Bxh7+ Kxh7 27.
Qh5+ Kg8 28. Qxc5 Be4 29. Bd6 Re8 30. f3 Bg6 31. Qxd4 Nf7 32. Rxe8+ Qxe8 33.
Bb4 e5 34. Qd5 e4 35. Re1 Qa4 36. Bc3 1-0

[Event "Kval. 1.b liga"]
[Site "Opatija"]
[Date "2012.11.25"]
[Round "2.2"]
[White "Novakovic, Dragan"]
[Black "Kukina, Mario"]
[Result "1-0"]
[WhiteElo "2296"]
[BlackElo "2056"]
[PlyCount "77"]
[EventDate "2012.11.24"]
[EventType "swiss"]
[EventRounds "3"]
[EventCountry "CRO"]
[SourceDate "2005.09.12"]

1. c4 c6 2. Nf3 Nf6 3. g3 d5 4. Bg2 e6 5. b3 Be7 6. O-O O-O 7. Bb2 Nbd7 8. Qc2
Re8 9. d3 Nf8 10. e4 Ng6 11. Nbd2 b6 12. Rfe1 Bb7 13. e5 Nd7 14. Rad1 Rc8 15.
h4 h6 16. h5 Ngf8 17. Nh2 Qc7 18. Ng4 Nh7 19. Nf1 Ndf8 20. Nfe3 Red8 21. d4 Bb4
22. Re2 Qe7 23. Qb1 Qg5 24. Bf3 Kh8 25. Nh2 Qe7 26. Nc2 dxc4 27. a3 c3 28. Bc1
Bc5 29. b4 Bxd4 30. Rxd4 Ba6 31. Re3 Rxd4 32. Nxd4 c5 33. Nc6 Qd7 34. b5 c2 35.
Qb2 Bxb5 36. Qxb5 Rxc6 37. Bxc6 Qd1+ 38. Qf1 Qxh5 39. Qe2 1-0

[Event "Kval. 1.b liga"]
[Site "Opatija"]
[Date "2012.11.25"]
[Round "2.2"]
[White "Savic, Miroslav"]
[Black "Vernacki, Srdjan"]
[Result "1/2-1/2"]
[WhiteElo "2235"]
[BlackElo "2318"]
[PlyCount "95"]
[EventDate "2012.11.24"]
[EventType "swiss"]
[EventRounds "3"]
[EventCountry "CRO"]
[SourceDate "2005.09.12"]

1. d4 Nf6 2. Nf3 e6 3. c4 c5 4. g3 cxd4 5. Nxd4 a6 6. Bg2 Qc7 7. b3 Be7 8. O-O
O-O 9. Bb2 d6 10. Nc3 Nbd7 11. Rc1 Re8 12. Qd2 Ne5 13. h3 Bd7 14. Rfd1 Rac8 15.
Kh2 Qb8 16. e4 Nc6 17. Ba3 Red8 18. Qe2 Nxd4 19. Rxd4 Bf8 20. Rcd1 Be8 21. e5
dxe5 22. Rxd8 Rxd8 23. Rxd8 Qxd8 24. Bxf8 Kxf8 25. Bxb7 Qd4 26. Qe3 a5 27. Ne2
Qd6 28. Bg2 Nd7 29. Nc3 Nc5 30. Ne4 Nxe4 31. Bxe4 f5 32. Bg2 e4 33. Bf1 e5 34.
c5 Qd4 35. Kg1 h6 36. h4 Ke7 37. Qc1 Bc6 38. Qc4 Bd5 39. Qc1 Kd7 40. a4 Bxb3
41. Bb5+ Kc7 42. Kg2 Bd1 43. Kg1 Bf3 44. Bf1 Kc6 45. Bb5+ Kc7 46. Bf1 Kc6 47.
Bb5+ Kc7 48. Bf1 1/2-1/2

[Event "Kval. 1.b liga"]
[Site "Opatija"]
[Date "2012.11.25"]
[Round "2.2"]
[White "Jovanovic, Milenko"]
[Black "Muslija, Idris"]
[Result "1/2-1/2"]
[WhiteElo "2182"]
[BlackElo "2268"]
[PlyCount "70"]
[EventDate "2012.11.24"]
[EventType "swiss"]
[EventRounds "3"]
[EventCountry "CRO"]
[SourceDate "2005.09.12"]

1. d4 Nf6 2. Nf3 e6 3. c4 c5 4. d5 exd5 5. cxd5 d6 6. Nc3 g6 7. e4 Bg7 8. h3
O-O 9. Bd3 Re8 10. O-O Na6 11. Re1 Nc7 12. a4 a6 13. Bf4 Rb8 14. a5 b5 15. axb6
Rxb6 16. Ra2 Nb5 17. Nxb5 axb5 18. b3 Ba6 19. Rxa6 Rxa6 20. Bxb5 Rb6 21. Bxe8
Qxe8 22. Nd2 Qd8 23. Nc4 Ra6 24. Bxd6 Nxe4 25. Be5 Bxe5 26. Nxe5 Nf6 27. Nc6
Qd6 28. Ne7+ Kg7 29. Qd2 Ra8 30. Qg5 Kh8 31. g3 Ng8 32. Nxg8 Kxg8 33. h4 Kg7
34. Qe5+ Qxe5 35. Rxe5 Kf6 1/2-1/2

[Event "Kval. 1.b liga"]
[Site "Opatija"]
[Date "2012.11.25"]
[Round "2.2"]
[White "Franciskovic, Vinko"]
[Black "Vernacki, Dusko"]
[Result "1/2-1/2"]
[WhiteElo "2113"]
[BlackElo "2129"]
[PlyCount "59"]
[EventDate "2012.11.24"]
[EventType "swiss"]
[EventRounds "3"]
[EventCountry "CRO"]
[SourceDate "2005.09.12"]

1. e4 c6 2. d3 d5 3. Nd2 g6 4. g3 Bg7 5. Bg2 Nh6 6. Ngf3 O-O 7. O-O Bg4 8. h3
Bxf3 9. Nxf3 e6 10. e5 Nf5 11. Bf4 Nd7 12. Qd2 Qc7 13. Rfe1 c5 14. c4 dxc4 15.
dxc4 Rad8 16. Qc3 Nb8 17. Nd2 Nc6 18. Bxc6 Qxc6 19. Qf3 Qxf3 20. Nxf3 Rd3 21.
Kg2 Rfd8 22. Rac1 h6 23. h4 b6 24. b3 Nd4 25. Nxd4 R8xd4 26. Be3 Rd7 27. Bf4
Kf8 28. Re2 Ke8 29. Rcc2 Kd8 30. Rcd2 1/2-1/2

[Event "Kval. 1.b liga"]
[Site "Opatija"]
[Date "2012.11.25"]
[Round "3.1"]
[White "Jezidzic, Gordan"]
[Black "Jakovljevic, Vlado"]
[Result "1/2-1/2"]
[WhiteElo "2194"]
[BlackElo "2411"]
[PlyCount "66"]
[EventDate "2012.11.24"]
[EventType "swiss"]
[EventRounds "3"]
[EventCountry "CRO"]
[SourceDate "2005.09.12"]

1. d4 Nf6 2. Nf3 e6 3. c4 Bb4+ 4. Bd2 c5 5. dxc5 Bxc5 6. Bc3 Nc6 7. e3 O-O 8.
Nbd2 d5 9. a3 a5 10. Rc1 d4 11. exd4 Nxd4 12. Nxd4 Bxd4 13. Be2 e5 14. O-O $11
Bf5 15. Nf3 Bxc3 16. Rxc3 Qc7 17. Qc1 Rfe8 18. Re1 a4 19. c5 Nd5 20. Rc4 Bd7
21. Qc2 h6 22. Bf1 Rac8 23. b4 axb3 24. Qxb3 Be6 25. Qb2 f6 26. Rcc1 Ra8 27.
Bb5 Rec8 28. Nd4 exd4 29. Rxe6 Nc3 30. Qb3 Kh8 31. Rce1 Qxc5 32. Bd3 b5 33. Re7
Qd5 1/2-1/2

[Event "Kval. 1.b liga"]
[Site "Opatija"]
[Date "2012.11.25"]
[Round "3.1"]
[White "Jakic, Ivan"]
[Black "Crepan, Marjan"]
[Result "1-0"]
[WhiteElo "2418"]
[BlackElo "2310"]
[PlyCount "57"]
[EventDate "2012.11.24"]
[EventType "swiss"]
[EventRounds "3"]
[EventCountry "CRO"]
[SourceDate "2005.09.12"]

1. e4 e5 2. Nf3 Nc6 3. d4 exd4 4. c3 d3 5. Bxd3 Bc5 6. b4 Bb6 7. a4 a6 8. Na3
d6 9. Nc4 Ba7 10. O-O Bg4 11. b5 Ne5 12. Ncxe5 dxe5 13. bxa6 bxa6 14. h3 Bxf3
15. Qxf3 Qf6 16. Qg3 h6 17. Kh1 g5 18. Bxa6 Ne7 19. Bb5+ c6 20. Bc4 Ng6 21. Ba3
h5 22. Rad1 Bb8 23. Qd3 Nf8 24. Rd2 Bc7 25. Rfd1 g4 26. Bc5 Rg8 27. Kg1 Rxa4
28. Bb5 Ra5 29. Bxc6+ 1-0

[Event "Kval. 1.b liga"]
[Site "Opatija"]
[Date "2012.11.25"]
[Round "3.1"]
[White "Kukina, Mario"]
[Black "Petrusic, Toni"]
[Result "0-1"]
[WhiteElo "2056"]
[BlackElo "2240"]
[PlyCount "84"]
[EventDate "2012.11.24"]
[EventType "swiss"]
[EventRounds "3"]
[EventCountry "CRO"]
[SourceDate "2005.09.12"]

1. d4 d6 2. Nf3 g6 3. c4 Bg7 4. Nc3 Nd7 5. e4 e5 6. d5 Ne7 7. Be2 O-O 8. O-O h6
9. Qc2 f5 10. Ne1 f4 11. Nd3 h5 12. f3 g5 13. Bd2 Ng6 14. b4 Nf6 15. c5 Rf7 16.
Rfc1 g4 17. Qa4 Ne8 18. Be1 Bh6 19. Rc2 Rg7 20. Kf1 Bd7 21. Qb3 Kh7 22. Bf2 Qg5
23. Ne1 g3 24. Bg1 gxh2 25. Bxh2 h4 26. Bb5 c6 27. Bc4 h3 28. dxc6 bxc6 29. Be6
dxc5 30. bxc5 Rd8 31. gxh3 Nh4 32. Bg4 Nf6 33. Rf2 Nxg4 34. hxg4 Bxg4 35. fxg4
Qxg4 36. Ne2 f3 37. Ng1 Ng2 38. Qxf3 Ne3+ 39. Ke2 Qd7 40. Qf6 Qd4 41. Bxe5 Qc4+
42. Kf3 Rf7 0-1

[Event "Kval. 1.b liga"]
[Site "Opatija"]
[Date "2012.11.25"]
[Round "3.1"]
[White "Stepic, Marko"]
[Black "Savic, Miroslav"]
[Result "0-1"]
[WhiteElo "2208"]
[BlackElo "2235"]
[PlyCount "144"]
[EventDate "2012.11.24"]
[EventType "swiss"]
[EventRounds "3"]
[EventCountry "CRO"]
[SourceDate "2005.09.12"]

1. g3 e5 2. Nf3 Nc6 3. d3 Nf6 4. Bg2 d5 5. O-O Be7 6. c3 a5 7. Qc2 Bf5 8. Nbd2
Qd7 9. Re1 h6 10. e4 dxe4 11. dxe4 Bh7 12. Nh4 O-O 13. Nf1 Ng4 14. Nf5 Bxf5 15.
exf5 Bc5 16. Ne3 Bxe3 17. Bxe3 Rfd8 18. Bc5 Nf6 19. Rad1 Qe8 20. Qa4 Rxd1 21.
Rxd1 e4 22. Bd4 Nxd4 23. Qxd4 Qe7 24. h3 h5 25. Qe3 Re8 26. Qf4 Qe5 27. Qxe5
Rxe5 28. Rd8+ Kh7 29. Rc8 Re7 30. Kf1 Kh6 31. h4 Kh7 32. Ke2 b6 33. Rd8 Ne8 34.
Bh3 Nd6 35. b3 Nb5 36. Kd2 Nd6 37. a4 f6 38. g4 hxg4 39. Bxg4 Nf7 40. Rc8 Nh6
41. Bh3 Rd7+ 42. Kc2 Re7 43. Rd8 Nf7 44. Rd4 Nd6 45. Kd2 Kh6 46. Bg4 Re5 47.
Ke3 Nxf5+ 48. Bxf5 Rxf5 49. Rxe4 Rc5 50. c4 Kh5 51. Kd4 f5 52. Re5 Rxe5 53.
Kxe5 g6 54. Kd5 Kxh4 55. Kc6 g5 56. Kxc7 g4 57. Kxb6 f4 58. c5 g3 59. c6 gxf2
60. c7 f1=Q 61. c8=Q Qe1 62. Qh8+ Kg3 63. Qg8+ Kf2 64. Qg4 Qb4+ 65. Kc7 Qc5+
66. Kd7 Qd5+ 67. Kc7 f3 68. Qh4+ Ke2 69. Qe7+ Kd1 70. Qe3 Kc2 71. Qh6 Qf7+ 72.
Kb8 f2 0-1

[Event "Kval. 1.b liga"]
[Site "Opatija"]
[Date "2012.11.25"]
[Round "3.1"]
[White "Muslija, Idris"]
[Black "Bubicic, Josip"]
[Result "1-0"]
[WhiteElo "2268"]
[BlackElo "2065"]
[PlyCount "89"]
[EventDate "2012.11.24"]
[EventType "swiss"]
[EventRounds "3"]
[EventCountry "CRO"]
[SourceDate "2005.09.12"]

1. c4 Nf6 2. Nc3 g6 3. e4 d6 4. d4 Bg7 5. Be2 O-O 6. Nf3 e5 7. d5 Nbd7 8. O-O
Nc5 9. Qc2 a5 10. b3 h6 11. Nd2 Nh7 12. a3 f5 13. Rb1 Ng5 14. f3 Bd7 15. b4
axb4 16. axb4 Na4 17. Nxa4 Bxa4 18. Qc3 fxe4 19. Nxe4 Nxe4 20. fxe4 Rxf1+ 21.
Bxf1 Qh4 22. Bd3 Rf8 23. Be3 Bd7 24. c5 Rf7 25. Qc4 Bf8 26. Qc1 Kg7 27. Rb2 Be7
28. Rf2 Rxf2 29. Bxf2 Qf6 30. Be3 g5 31. Qa3 Qf8 32. Qc3 Qa8 33. b5 Qa4 34. c6
Qd1+ 35. Bf1 bxc6 36. dxc6 Bg4 37. b6 Be2 38. Qc1 cxb6 39. Qxd1 Bxd1 40. c7 Bg4
41. Ba6 b5 42. c8=Q Bxc8 43. Bxc8 d5 44. exd5 b4 45. Bf5 1-0

[Event "Kval. 1.b liga"]
[Site "Opatija"]
[Date "2012.11.25"]
[Round "3.1"]
[White "Malesevic, Elvino"]
[Black "Franciskovic, Vinko"]
[Result "0-1"]
[WhiteElo "1891"]
[BlackElo "2113"]
[PlyCount "42"]
[EventDate "2012.11.24"]
[EventType "swiss"]
[EventRounds "3"]
[EventCountry "CRO"]
[SourceDate "2005.09.12"]

1. e4 e5 2. Nf3 Nc6 3. Bb5 Nge7 4. c3 d5 5. Nxe5 dxe4 6. Qa4 Qd5 7. Nxc6 Nxc6
8. O-O Bd7 9. Re1 O-O-O 10. Bc4 Qh5 11. Be2 Qg6 12. Bf1 Bd6 13. Na3 Rhe8 14.
Nb5 Bc5 15. b4 Bb6 16. Qd1 a6 17. Na3 Ne5 18. d4 exd3 19. Be3 Bc6 20. Kh1 Ng4
21. Bxb6 Qh5 0-1

[Event "Bethune Op 32th"]
[Site "Bethune"]
[Date "2011.12.26"]
[Round "1"]
[White "Delfosse, Jean Michel"]
[Black "De Block, Yordi"]
[Result "1/2-1/2"]
[WhiteElo "1785"]
[BlackElo "1709"]
[PlyCount "66"]
[EventDate "2011.12.26"]
[EventType "swiss"]
[EventRounds "9"]
[EventCountry "FRA"]
[SourceDate "2005.09.12"]

1. e4 c6 2. d4 d5 3. Nc3 dxe4 4. Nxe4 Nf6 5. Nxf6+ gxf6 6. Be3 Qd5 7. Nf3 Rg8
8. g3 Bg4 9. Bg2 Nd7 10. h3 Bh5 11. g4 Bg6 12. Nh4 Be4 13. c4 Qe6 14. Bxe4 Qxe4
15. Qf3 Qxf3 16. Nxf3 Nb6 17. b3 O-O-O 18. O-O-O e6 19. a4 Bb4 20. Rhg1 Nd7 21.
Kc2 b6 22. h4 c5 23. d5 e5 24. h5 e4 25. Nh4 Ne5 26. Nf5 Rd7 27. Nh6 Re8 28.
Nf5 Nf3 29. Rg3 Ne1+ 30. Kb2 Nd3+ 31. Kc2 Ne1+ 32. Kb2 Nd3+ 33. Kc2 Ne1+
1/2-1/2

[Event "Bethune Op 32th"]
[Site "Bethune"]
[Date "2011.12.26"]
[Round "2"]
[White "Bex, Lennert"]
[Black "Delfosse, Jean Michel"]
[Result "1/2-1/2"]
[WhiteElo "1699"]
[BlackElo "1785"]
[PlyCount "104"]
[EventDate "2011.12.26"]
[EventType "swiss"]
[EventRounds "9"]
[EventCountry "FRA"]
[SourceDate "2005.09.12"]

1. d4 Nf6 2. Nf3 g6 3. e3 Bg7 4. Bd3 d5 5. Nbd2 O-O 6. b3 c5 7. Bb2 Nc6 8. a3
Bg4 9. h3 Bxf3 10. Nxf3 cxd4 11. exd4 a6 12. O-O Re8 13. Re1 Nd7 14. Qd2 e5 15.
dxe5 Ndxe5 16. Nxe5 Nxe5 17. Be2 d4 18. Rad1 Nc6 19. Bf3 Rc8 20. Rxe8+ Qxe8 21.
Bg4 Rd8 22. Re1 Qf8 23. Bf3 Qd6 24. Bxc6 Qxc6 25. Rd1 Rc8 26. Bxd4 Bxd4 27.
Qxd4 Qxc2 28. Qd7 Qc7 29. Qxc7 Rxc7 30. Rd6 Kf8 31. g3 Ke7 32. Rb6 Kd7 33. Kg2
Kc8 34. h4 Rd7 35. g4 Kc7 36. Rb4 b5 37. a4 Kc6 38. axb5+ axb5 39. f3 Rc7 40.
Rf4 Kd5 41. Rb4 Kc5 42. Rf4 Re7 43. Kg3 h6 44. g5 hxg5 45. hxg5 Rd7 46. b4+ Kd5
47. Kf2 Rc7 48. Ke3 Ke5 49. Rf6 Kd5 50. Kd3 Ra7 51. Kc3 Re7 52. Kd3 Ra7 1/2-1/2

[Event "Bethune Op 32th"]
[Site "Bethune"]
[Date "2011.12.29"]
[Round "8"]
[White "Morote, Patrick"]
[Black "Delfosse, Jean Michel"]
[Result "1/2-1/2"]
[WhiteElo "1710"]
[BlackElo "1785"]
[PlyCount "69"]
[EventDate "2011.12.26"]
[EventType "swiss"]
[EventRounds "9"]
[EventCountry "FRA"]
[SourceDate "2005.09.12"]

1. d4 Nf6 2. Nf3 g6 3. e3 d5 4. c4 Bg7 5. Nc3 O-O 6. Be2 c5 7. dxc5 Qa5 8. O-O
dxc4 9. Bxc4 Qxc5 10. Qe2 Bg4 11. Bb3 Nc6 12. h3 Bxf3 13. Qxf3 b5 14. Bd2 a6
15. Rac1 Na5 16. Nd5 Nc4 17. Bxc4 bxc4 18. Nxf6+ Bxf6 19. Bc3 Bxc3 20. Rxc3
Rab8 21. Qe2 Rfc8 22. Rfc1 Qa5 23. Rxc4 Rxc4 24. Qxc4 Rxb2 25. Qd4 Rb8 26. Qa7
Re8 27. Qd7 Kf8 28. Rc7 Qb5 29. Qxb5 axb5 30. Rb7 Ra8 31. Rxb5 Rxa2 32. Rb7 e6
33. g4 Kg7 34. Kg2 g5 35. Rb3 1/2-1/2

[Event "Bethune Op 32th"]
[Site "Bethune"]
[Date "2011.12.30"]
[Round "9"]
[White "Delfosse, Jean Michel"]
[Black "Benoit, Guy"]
[Result "1-0"]
[WhiteElo "1785"]
[BlackElo "1702"]
[PlyCount "115"]
[EventDate "2011.12.26"]
[EventType "swiss"]
[EventRounds "9"]
[EventCountry "FRA"]
[SourceDate "2005.09.12"]

1. e4 c5 2. Nf3 Nc6 3. d4 cxd4 4. Nxd4 e5 5. Nb5 a6 6. Nd6+ Bxd6 7. Qxd6 Qe7 8.
Qxe7+ Ngxe7 9. a3 O-O 10. Bc4 b5 11. Bd3 d6 12. Nc3 f5 13. f3 f4 14. Bd2 Be6
15. O-O Nd4 16. Rac1 Rf6 17. Kf2 Raf8 18. b3 Rh6 19. Rh1 d5 20. exd5 Bxd5 21.
Nxd5 Nxd5 22. Be4 Ne7 23. Bc3 Ndc6 24. Bxc6 Nxc6 25. h3 Re8 26. Rhe1 Rhe6 27.
Re2 e4 28. fxe4 Rxe4 29. Rce1 Rxe2+ 30. Rxe2 Rxe2+ 31. Kxe2 g5 32. Kf3 Kf7 33.
Ke4 Ke6 34. Bh8 Nd8 35. Bd4 h5 36. Bc3 Nc6 37. Bg7 Nd8 38. Bh6 Nf7 39. Bf8 Nd8
40. Bc5 Nc6 41. Bb6 Ne7 42. Bd8 Nf5 43. Bxg5 Ne3 44. Bxf4 Nxg2 45. Bg3 a5 46.
Kf3 Kd5 47. Kxg2 Kd4 48. b4 axb4 49. axb4 Kc3 50. Bd6 Kxc2 51. Kg3 Kd3 52. Kh4
Ke4 53. Kxh5 Kf5 54. Kh4 Ke6 55. Bc5 Kf7 56. Kg5 Kg7 57. h4 Kh7 58. Bd4 1-0

[Event "Bethune Op 32th"]
[Site "Bethune"]
[Date "2011.12.26"]
[Round "1.1"]
[White "Haast, Mark"]
[Black "Solleveld, Maarten"]
[Result "0-1"]
[WhiteElo "2255"]
[BlackElo "2502"]
[PlyCount "140"]
[EventDate "2011.12.26"]
[EventType "swiss"]
[EventRounds "9"]
[EventCountry "FRA"]
[SourceDate "2005.09.12"]

1. d4 Nf6 2. Nf3 g6 3. Nc3 d5 4. Bf4 Bg7 5. e3 O-O 6. Be2 c5 7. Ne5 Nc6 8. Qd2
Be6 9. h4 h5 10. O-O-O Rc8 11. f3 a6 12. Nxc6 Rxc6 13. Be5 cxd4 14. Qxd4 Qa5
15. g4 Rfc8 16. gxh5 Nxh5 17. Bxg7 Nxg7 18. Bd3 Qc5 19. Qf4 Qd6 20. Qxd6 Rxd6
21. Ne2 Bf5 22. Ng3 Rf6 23. Bxf5 Nxf5 24. Nxf5 Rxf5 25. f4 Kg7 26. Rhg1 e6 27.
Rg5 Kf6 28. Rdg1 Rh8 29. R1g4 Rc8 30. Kd2 b5 31. c3 a5 32. a3 Ke7 33. Kd3 Rh8
34. Kd4 Kd6 35. b3 Rc8 36. Kd3 Ra8 37. Rg2 Rh8 38. R2g4 a4 39. b4 Rc8 40. Rg1
Ke7 41. R1g2 Rh8 42. R2g4 Kd6 43. Kd4 Rxg5 44. fxg5 e5+ 45. Kd3 Ke6 46. e4 Rd8
47. exd5+ Rxd5+ 48. Ke2 Rd8 49. Rg1 Rh8 50. Rh1 e4 51. Rf1 Rxh4 52. Rf6+ Ke5
53. Rxf7 Rh2+ 54. Ke3 Rh3+ 55. Kd2 Rd3+ 56. Kc2 Rg3 57. Rb7 Rg2+ 58. Kd1 e3 59.
Rxb5+ Ke4 60. Rb8 Rxg5 61. b5 Kd3 62. Rd8+ Kxc3 63. b6 Rb5 64. Rd6 g5 65. Ke2
Kb2 66. Kxe3 Kxa3 67. Rg6 Kb3 68. b7 Rxb7 69. Rxg5 a3 70. Kd2 a2 0-1

[Event "Bethune Op 32th"]
[Site "Bethune"]
[Date "2011.12.26"]
[Round "1.2"]
[White "Thejkumar, MS."]
[Black "Joie, Sebastien"]
[Result "1-0"]
[WhiteElo "2452"]
[BlackElo "2249"]
[PlyCount "39"]
[EventDate "2011.12.26"]
[EventType "swiss"]
[EventRounds "9"]
[EventCountry "FRA"]
[SourceDate "2005.09.12"]

1. d4 d5 2. c4 e6 3. Nc3 Bb4 4. Nf3 Nf6 5. Qa4+ Nc6 6. e3 O-O 7. Bd2 Bxc3 8.
Bxc3 Ne4 9. Qc2 Nxc3 10. Qxc3 Re8 11. Be2 dxc4 12. Bxc4 Qd6 13. Rd1 Qb4 14.
Qxb4 Nxb4 15. e4 Bd7 16. a3 Nd5 17. exd5 exd5+ 18. Be2 Bb5 19. Rd2 Re4 20. Kd1
1-0

[Event "Bethune Op 32th"]
[Site "Bethune"]
[Date "2011.12.26"]
[Round "1.3"]
[White "Denayer, Eric"]
[Black "Navrotescu, Catalin"]
[Result "0-1"]
[WhiteElo "2245"]
[BlackElo "2421"]
[PlyCount "83"]
[EventDate "2011.12.26"]
[EventType "swiss"]
[EventRounds "9"]
[EventCountry "FRA"]
[SourceDate "2005.09.12"]

1. d4 e6 2. Nf3 Nf6 3. c4 c5 4. g3 cxd4 5. Nxd4 Nc6 6. Nc2 d5 7. Bg2 Be7 8. O-O
O-O 9. cxd5 Nxd5 10. e4 Ndb4 11. Nxb4 Nxb4 12. Nc3 Bd7 13. a3 Nc6 14. Be3 Bf6
15. f4 Bxc3 16. bxc3 Qe7 17. Qh5 b6 18. g4 Rac8 19. Rf3 f6 20. Qh4 Rc7 21. Raf1
Be8 22. Rh3 g6 23. a4 Na5 24. Bd4 Nc4 25. e5 fxe5 26. Qxe7 Rxe7 27. fxe5 Bxa4
28. Rc1 Be8 29. Rf3 Rxf3 30. Bxf3 Rf7 31. Be2 Na5 32. Bf2 Bc6 33. h3 Bf3 34.
Bb5 Bd5 35. Bf1 Nc6 36. c4 Bf3 37. Re1 h5 38. gxh5 gxh5 39. c5 Rg7+ 40. Kh2 b5
41. Be3 Nb4 42. Rd1 0-1

[Event "Bethune Op 32th"]
[Site "Bethune"]
[Date "2011.12.26"]
[Round "1.4"]
[White "Moussard, Jules"]
[Black "Sarrau, Jelle"]
[Result "1/2-1/2"]
[WhiteElo "2398"]
[BlackElo "2232"]
[PlyCount "114"]
[EventDate "2011.12.26"]
[EventType "swiss"]
[EventRounds "9"]
[EventCountry "FRA"]
[SourceDate "2005.09.12"]

1. e4 c5 2. Nf3 d6 3. d4 cxd4 4. Nxd4 Nf6 5. Nc3 a6 6. Be3 e5 7. Nf3 Be7 8. Bc4
O-O 9. O-O Be6 10. Bb3 Qc7 11. Qe2 Rc8 12. Rfd1 b5 13. Ne1 Bc4 14. Bxc4 Qxc4
15. Qxc4 Rxc4 16. Bg5 Nbd7 17. a3 Rb8 18. f3 Kf8 19. Bxf6 Nxf6 20. Nd5 Nxd5 21.
Rxd5 g6 22. Kf2 f5 23. Ke2 Kf7 24. Kd3 Rbc8 25. c3 Ke6 26. Nc2 Bg5 27. a4 Rxa4
28. Rxa4 bxa4 29. Na3 Rf8 30. Nc4 fxe4+ 31. fxe4 Be7 32. Ke3 a3 33. b4 Rc8 34.
Kd3 Rc5 35. Rxc5 dxc5 36. Nxa3 cxb4 37. cxb4 Bxb4 38. Nc4 Bc5 39. Kc3 Bg1 40.
h3 h5 41. Kb4 Kf6 42. Nd2 Kg5 43. Nf3+ Kf4 44. Nxg1 Kxe4 45. Nf3 Kf4 46. Kc3 a5
47. Nh4 g5 48. Ng6+ Kg3 49. Nxe5 Kxg2 50. Nf7 Kxh3 51. Nxg5+ Kg4 52. Ne4 h4 53.
Nf2+ Kf3 54. Nh3 Kg4 55. Nf2+ Kg3 56. Ne4+ Kf4 57. Nf2 Kf3 1/2-1/2

[Event "Bethune Op 32th"]
[Site "Bethune"]
[Date "2011.12.26"]
[Round "2.1"]
[White "Solleveld, Maarten"]
[Black "Laubsch, Bernd"]
[Result "1-0"]
[WhiteElo "2502"]
[BlackElo "2295"]
[PlyCount "52"]
[EventDate "2011.12.26"]
[EventType "swiss"]
[EventRounds "9"]
[EventCountry "FRA"]
[SourceDate "2005.09.12"]

1. c4 e5 2. Nc3 c5 3. Nf3 Nc6 4. e3 Nf6 5. d4 cxd4 6. exd4 e4 7. Ne5 Bb4 8. Be2
Qa5 9. Nxc6 dxc6 10. Bd2 Bxc3 11. Bxc3 Qg5 12. Qd2 Qxg2 13. O-O-O Qxf2 14. Rhf1
Qxh2 15. d5 Bg4 16. Rde1 h5 17. Rh1 Qg2 18. dxc6 bxc6 19. Qd6 Rd8 20. Qxc6+ Bd7
21. Qc5 Qg3 22. Bb4 Nd5 23. Qxd5 Qf4+ 24. Kb1 e3 25. Ka1 f6 26. Bxh5+ Rxh5 1-0

[Event "Bethune Op 32th"]
[Site "Bethune"]
[Date "2011.12.26"]
[Round "2.2"]
[White "Donchenko, Alexander"]
[Black "Thejkumar, MS."]
[Result "1/2-1/2"]
[WhiteElo "2310"]
[BlackElo "2452"]
[PlyCount "91"]
[EventDate "2011.12.26"]
[EventType "swiss"]
[EventRounds "9"]
[EventCountry "FRA"]
[SourceDate "2005.09.12"]

1. d4 Nf6 2. Nf3 c5 3. c4 cxd4 4. Nxd4 e5 5. Nb5 d5 6. cxd5 a6 7. N5c3 Bc5 8.
e3 O-O 9. a3 e4 10. b4 Ba7 11. Bb2 Bf5 12. Nd2 Qe7 13. Nc4 Rd8 14. Qb3 Nbd7 15.
Rd1 Rac8 16. Be2 Bb8 17. h3 h5 18. d6 Qf8 19. Na5 b5 20. Rd2 Nb6 21. Nb7 Rd7
22. Nc5 Rxd6 23. Rxd6 Qxd6 24. Qd1 Nc4 25. Bxc4 bxc4 26. Qxd6 Bxd6 27. Nxa6 Ra8
28. b5 Bc8 29. Nb4 Bd7 30. Ke2 Be5 31. a4 Bxc3 32. Bxc3 Rxa4 33. b6 Ra5 34. Bd4
Rb5 35. Na6 Nd5 36. Nc7 Nxc7 37. bxc7 Rb7 38. Be5 f6 39. Rd1 Be6 40. Rd8+ Kf7
41. Bd6 Rb2+ 42. Ke1 c3 43. c8=Q Rb1+ 44. Ke2 Rb2+ 45. Ke1 Rb1+ 46. Ke2 1/2-1/2

[Event "Bethune Op 32th"]
[Site "Bethune"]
[Date "2011.12.26"]
[Round "2.3"]
[White "Navrotescu, Catalin"]
[Black "Priebe, Jan"]
[Result "0-1"]
[WhiteElo "2421"]
[BlackElo "2275"]
[PlyCount "56"]
[EventDate "2011.12.26"]
[EventType "swiss"]
[EventRounds "9"]
[EventCountry "FRA"]
[SourceDate "2005.09.12"]

1. d4 Nf6 2. c4 g6 3. Nc3 Bg7 4. e4 d6 5. Nf3 O-O 6. Be2 e5 7. O-O Na6 8. Re1
exd4 9. Nxd4 Nc5 10. f3 a5 11. Ndb5 Bd7 12. Be3 Bxb5 13. Nxb5 Qe7 14. Bf1 Ne8
15. Qd2 b6 16. Rad1 Nf6 17. g3 Rad8 18. Bg2 c6 19. Nc3 Rfe8 20. Bd4 Qc7 21. f4
Ne6 22. Ne2 Nxd4 23. Nxd4 Nd7 24. e5 Nb8 25. Bxc6 Nxc6 26. Nb5 Qb8 27. exd6
Rxe1+ 28. Rxe1 Nd4 0-1

[Event "Bethune Op 32th"]
[Site "Bethune"]
[Date "2011.12.26"]
[Round "2.4"]
[White "Noiroux, Kevin"]
[Black "Friess, Nicolas"]
[Result "1-0"]
[WhiteElo "2190"]
[BlackElo "2311"]
[PlyCount "60"]
[EventDate "2011.12.26"]
[EventType "swiss"]
[EventRounds "9"]
[EventCountry "FRA"]
[SourceDate "2005.09.12"]

1. d4 d5 2. Nf3 Nf6 3. c3 c5 4. dxc5 a5 5. b4 e6 6. Qb3 Be7 7. e3 O-O 8. Be2
Nc6 9. O-O axb4 10. cxb4 b6 11. cxb6 Qxb6 12. b5 Na5 13. Qd1 Bd7 14. a4 Rfc8
15. Ba3 Bxa3 16. Rxa3 Ne4 17. Qd4 Qd6 18. Rd1 Qe7 19. Bd3 Nc4 20. Ra1 Ned6 21.
Nc3 g6 22. Ne5 Na3 23. Ng4 h5 24. Nf6+ Kh8 25. Nfxd5+ e5 26. Nxe7 exd4 27. Nxc8
Rxc8 28. Ne4 Nf5 29. Rac1 Ra8 30. Nc5 Be8 1-0

[Event "Bethune Op 32th"]
[Site "Bethune"]
[Date "2011.12.27"]
[Round "3.1"]
[White "Aglave, Arnaud"]
[Black "Solleveld, Maarten"]
[Result "0-1"]
[WhiteElo "2100"]
[BlackElo "2502"]
[PlyCount "84"]
[EventDate "2011.12.26"]
[EventType "swiss"]
[EventRounds "9"]
[EventCountry "FRA"]
[SourceDate "2005.09.12"]

1. c4 g6 2. g3 Bg7 3. Bg2 c5 4. Nc3 Nc6 5. Nf3 e6 6. O-O Nge7 7. e3 O-O 8. d4
d6 9. b3 cxd4 10. Nxd4 Nxd4 11. exd4 Nf5 12. Ne2 d5 13. Bb2 dxc4 14. bxc4 Bd7
15. Qb3 Rb8 16. a4 Qa5 17. Rfc1 Bc6 18. d5 Bxb2 19. Qxb2 exd5 20. cxd5 Bxd5 21.
Qe5 Rfe8 22. Qxd5 Qxd5 23. Bxd5 Rxe2 24. Rc7 Re7 25. Rac1 Kf8 26. Rxe7 Nxe7 27.
Be4 b6 28. Rc7 a5 29. Bb7 Rd8 30. Ba6 g5 31. Rb7 Rd6 32. Bc4 h6 33. Kg2 Rf6 34.
Rb8+ Kg7 35. Rb7 Ng6 36. Bd5 Ne5 37. Be4 Rd6 38. f3 Nd7 39. Bc6 Nc5 40. Rc7 Ne6
41. Rc8 Rd2+ 42. Kh3 Rc2 0-1